Ponuka vzdelávania rok 1998

Gespeichert in:
Bibliographische Detailangaben
Format: Buch
Sprache:Slowakisch
Veröffentlicht: Bratislava Centrum ďalšieho vzdelávania Ekonomickej univerzity 1998
Tags: Tag hinzufügen
Keine Tags, Fügen Sie das erste Tag hinzu!

MARC

LEADER 00000nam a2200000 4500
001 c102698
005 20221123133330.0
041 0 |a slo 
044 |a SK 
245 1 0 |a Ponuka vzdelávania  |b rok 1998 
264 1 |a Bratislava  |b Centrum ďalšieho vzdelávania Ekonomickej univerzity  |c 1998 
300 |a 119 s.